[Event "Titled Tue 3rd Jun Early"]
[Site "chess.com INT"]
[Date "2025.06.03"]
[Round "8"]
[White "Sheehan, Ethan"]
[Black "Rahman, Masruri"]
[Result "1-0"]
[BlackTitle "FM"]
[WhiteElo "2380"]
[BlackElo "2407"]
[WhiteFideId "30943965"]
[BlackFideId "7101163"]
[EventDate "2025.06.03"]

1. d4 e6 2. Nf3 Nf6 3. Bf4 b6 4. e3 Bb7 5. Nbd2 d6 6. Bd3 g6 7. O-O Bg7 8. e4
O-O 9. h3 Nbd7 10. c3 h6 11. Qe2 Re8 12. Bg3 Nh5 13. Bh2 e5 14. d5 Nf4 15. Qe3
Qf6 16. Bb5 Rad8 17. c4 Re7 18. Bxd7 Rdxd7 19. b4 h5 20. Kh1 Bh6 21. c5 dxc5 22.
bxc5 Ba6 23. Rfe1 Kh7 24. Qa3 bxc5 25. Bxf4 Bxf4 26. Qxc5 c6 27. dxc6 Rxd2 28.
Nxd2 Bxd2 29. Red1 Bg5 30. c7 Qb6 31. c8=Q Bxc8 32. Qxc8 Qxf2 33. Rf1 Qh4 34.
Rad1 Bf4 35. Qf8 Qf6 36. Rd8 Rb7 37. g3 Rb2 38. gxf4 exf4 39. Rd7 1-0

[Event "Titled Tue 3rd Jun Early"]
[Site "chess.com INT"]
[Date "2025.06.03"]
[Round "8"]
[White "Khamdamova, Afruza"]
[Black "Reprintsev, Alexander"]
[Result "1-0"]
[WhiteTitle "WIM"]
[BlackTitle "IM"]
[WhiteElo "2344"]
[BlackElo "2256"]
[WhiteFideId "14210444"]
[BlackFideId "14100541"]
[EventDate "2025.06.03"]

1. e4 e5 2. Nf3 Nc6 3. Bb5 a6 4. Ba4 Bc5 5. c3 Nge7 6. O-O Ng6 7. d4 Ba7 8. d5
Nce7 9. d6 cxd6 10. Qxd6 O-O 11. Bb3 b5 12. Bg5 Bb8 13. Qd3 h6 14. Be3 Kh8 15.
Nbd2 d6 16. c4 f5 17. exf5 Bxf5 18. Qe2 bxc4 19. Nxc4 d5 20. Nb6 Ra7 21. Nxd5
Nxd5 22. Bxa7 Bxa7 23. Rad1 Ndf4 24. Qxa6 Qa8 25. Rd6 Be4 26. Bd1 Qb8 27. Rd7
Bc5 28. Qc4 Bd4 29. Bc2 Bxf3 30. gxf3 Nh4 31. Be4 Qe8 32. Qc7 Qh5 33. Rxg7 1-0

[Event "Titled Tue 3rd Jun Early"]
[Site "chess.com INT"]
[Date "2025.06.03"]
[Round "8"]
[White "Injac, Teodora"]
[Black "Gunawardhana, Devindya Oshini"]
[Result "1/2-1/2"]
[WhiteTitle "IM"]
[BlackTitle "WIM"]
[WhiteElo "2474"]
[BlackElo "2068"]
[WhiteFideId "932400"]
[BlackFideId "29941482"]
[EventDate "2025.06.03"]

1. d4 d5 2. Nf3 Nf6 3. Bf4 e6 4. e3 Bd6 5. Nbd2 O-O 6. c3 c5 7. Bd3 Qc7 8. Ne5
Nc6 9. Ndf3 Ne7 10. h4 Ne4 11. dxc5 Qxc5 12. Bxe4 dxe4 13. Nd7 Bxd7 14. Bxd6 Qc8
15. Ng5 Qe8 16. Qh5 h6 17. Nxe4 Bc6 18. Ng3 Rd8 19. O-O-O Bd5 20. Ba3 Bxa2 21.
Qc5 Ng6 22. h5 Rc8 23. Qd6 Rc6 24. Qb4 Rb6 25. Qa5 Ra6 26. Qc7 Rxa3 27. bxa3 Ne7
28. e4 Nc6 29. Qd7 Qb8 30. Qd6 Qc8 31. Qd7 Qb8 32. Qd6 Qc8 33. Qd7 Qb8 1/2-1/2

[Event "Titled Tue 3rd Jun Early"]
[Site "chess.com INT"]
[Date "2025.06.03"]
[Round "8"]
[White "Csonka, Balazs"]
[Black "Heimann, Alexander"]
[Result "1-0"]
[WhiteTitle "IM"]
[WhiteElo "2469"]
[BlackElo "2238"]
[WhiteFideId "742910"]
[BlackFideId "2006073"]
[EventDate "2025.06.03"]

1. d4 Nf6 2. c4 e6 3. Nf3 d5 4. g3 Be7 5. Bg2 O-O 6. O-O dxc4 7. Na3 Bxa3 8.
bxa3 Nc6 9. a4 Re8 10. Ba3 Nd5 11. Rc1 Na5 12. Ne5 b6 13. Nxc4 Nxc4 14. Rxc4 Ba6
15. Rc1 Qd7 16. Re1 Rad8 17. Qc2 Rc8 18. Red1 Red8 19. e3 h6 20. h4 Qe8 21. Qc6
Qxc6 22. Rxc6 Bb7 23. Rc2 c6 24. a5 b5 25. Bc5 a6 26. e4 Nf6 27. f3 Nd7 28. Be7
Re8 29. Bd6 Red8 30. Rdd2 Nf6 31. Bc5 Nd7 32. Be7 Re8 33. Bd6 Rcd8 34. Kf2 Nf6
35. Be5 Nd7 36. Bc7 Rc8 37. Bd6 e5 38. Bh3 Rcd8 39. dxe5 Nxe5 40. Bxe5 Rxd2+ 41.
Rxd2 Rxe5 42. Rd7 b4 43. Rxb7 Rxa5 44. Rxb4 Rxa2+ 45. Ke3 Ra3+ 46. Kf4 g6 47.
Rb7 Ra5 48. Bd7 Rc5 49. Rc7 g5+ 50. hxg5 hxg5+ 51. Kg4 a5 52. Rxc6 1-0

[Event "Titled Tue 3rd Jun Early"]
[Site "chess.com INT"]
[Date "2025.06.03"]
[Round "8"]
[White "Mottola, Max"]
[Black "Anakok, Deniz"]
[Result "1-0"]
[BlackTitle "CM"]
[WhiteElo "2128"]
[BlackElo "2058"]
[WhiteFideId "30985862"]
[BlackFideId "51603586"]
[EventDate "2025.06.03"]

1. a3 h6 2. h3 e5 3. c4 c6 4. d4 e4 5. Nc3 d5 6. g3 f5 7. cxd5 cxd5 8. e3 Nf6 9.
Nge2 Nc6 10. Nf4 Kf7 11. Qb3 Ne7 12. h4 g6 13. Bd2 Bg7 14. Rc1 g5 15. hxg5 hxg5
16. Rxh8 Bxh8 17. Nh3 Kg6 18. Na4 b6 19. Bb4 Be6 20. Ba6 Bg7 21. Nc3 f4 22. Ng1
fxg3 23. fxg3 Qc7 24. Nce2 Qd7 25. Qc3 Nf5 26. Kd2 Ng4 27. Qc7 Qxc7 28. Rxc7
Ngxe3 29. Bb7 Nc4+ 30. Rxc4 dxc4 31. Bxa8 e3+ 32. Kc3 1-0

[Event "Titled Tue 3rd Jun Early"]
[Site "chess.com INT"]
[Date "2025.06.03"]
[Round "8"]
[White "Redor, Menandro"]
[Black "Sobek, Jaroslav"]
[Result "1/2-1/2"]
[BlackTitle "FM"]
[WhiteElo "2021"]
[BlackElo "2195"]
[WhiteFideId "5222010"]
[BlackFideId "301388"]
[EventDate "2025.06.03"]

1. d4 Nf6 2. Bf4 g6 3. Nc3 d5 4. Nf3 Bg7 5. e3 O-O 6. Be2 c6 7. h4 Bg4 8. Ne5
Bxe2 9. Qxe2 Nbd7 10. g4 Nxe5 11. Bxe5 Qd7 12. Bxf6 exf6 13. O-O-O h6 14. g5
fxg5 15. hxg5 hxg5 16. Qf3 Qf5 17. Qg3 Rfe8 18. Rdg1 Bf6 19. Qh2 Kf8 20. Na4 b6
21. Qh6+ Ke7 22. Qh2 Rh8 23. Qc7+ Qd7 24. Qg3 Rxh1 25. Rxh1 Rh8 26. Rxh8 Bxh8
27. Qxg5+ Bf6 28. Qf4 Kf8 29. Nc3 Kg7 30. Ne2 Qh3 31. Ng3 Qg2 32. Kd2 Qg1 33.
Ke2 Qc1 34. Qg4 Qxc2+ 35. Kf1 Kf8 36. Qc8+ Kg7 37. Qg4 Kf8 38. Qc8+ Kg7 39. Qg4 1/2-1/2

[Event "Titled Tue 3rd Jun Early"]
[Site "chess.com INT"]
[Date "2025.06.03"]
[Round "8"]
[White "Heymann, Samuel"]
[Black "Baules Rodriguez, Jorge Luis"]
[Result "0-1"]
[WhiteTitle "CM"]
[BlackTitle "IM"]
[WhiteElo "2226"]
[BlackElo "2257"]
[WhiteFideId "4645707"]
[BlackFideId "6600247"]
[EventDate "2025.06.03"]

1. e4 c5 2. Nf3 d6 3. Bb5+ Bd7 4. Bxd7+ Qxd7 5. O-O Nf6 6. Re1 g6 7. c3 Bg7 8.
d4 cxd4 9. cxd4 d5 10. Ne5 Qe6 11. exd5 Nxd5 12. Qa4+ Nc6 13. Nf3 Qd7 14. Nc3
O-O 15. Bg5 Rad8 16. Rad1 Rfe8 17. h3 Nxc3 18. bxc3 Ne5 19. Qxd7 Nxf3+ 20. gxf3
Rxd7 21. Rb1 e5 22. Be3 exd4 23. cxd4 Bxd4 24. Bxd4 Rxe1+ 25. Rxe1 Rxd4 26. Re7
Rb4 27. Kg2 a5 28. a4 Kg7 29. Kg3 b6 30. Rb7 h5 31. h4 Kf6 32. Rb8 Ke6 33. Rb7
Kd6 34. Rb8 Kc7 35. Rf8 Rxa4 36. Rxf7+ Kc8 37. Rf6 Rb4 38. Rxg6 a4 39. Re6 a3
40. Re3 Ra4 41. Re1 a2 42. Ra1 b5 43. f4 b4 44. Kf3 b3 0-1

[Event "Titled Tue 3rd Jun Early"]
[Site "chess.com INT"]
[Date "2025.06.03"]
[Round "8"]
[White "Logachiov, Aleksandr"]
[Black "Zhakshylykov, Erzhan"]
[Result "0-1"]
[WhiteTitle "CM"]
[BlackTitle "IM"]
[WhiteElo "2129"]
[BlackElo "2362"]
[WhiteFideId "24123706"]
[BlackFideId "13804111"]
[EventDate "2025.06.03"]

1. d4 Nf6 2. Bg5 d5 3. e3 c5 4. Bxf6 gxf6 5. Nf3 Nc6 6. Bb5 Qa5+ 7. Nc3 e6 8.
Qd2 Bd7 9. Bxc6 Bxc6 10. Ne4 Qxd2+ 11. Nexd2 Rg8 12. O-O c4 13. c3 b5 14. Rfe1
f5 15. Ne5 Bb7 16. b3 f6 17. Nef3 Ba3 18. bxc4 bxc4 19. Rab1 Bc6 20. Nh4 Kd7 21.
f3 Rab8 22. Kf2 Bb2 23. Ke2 Bxc3 24. Rxb8 Rxb8 25. Rc1 Ba5 26. Rb1 Rxb1 27. Nxb1
c3 28. Kd3 Bb5+ 29. Kc2 Ba4+ 30. Kc1 c2 31. Na3 Be1 32. g3 Bf2 33. Ng2 Bg1 34.
h4 Bf2 35. g4 fxg4 36. fxg4 h6 37. Kd2 e5 38. Nxc2 Kd6 39. Nb4 Bd7 40. Nd3 Bg3
41. g5 hxg5 42. hxg5 fxg5 43. Ke2 e4 44. Nc5 Bb5+ 45. Kd2 Bf1 46. Ne1 g4 47. Nb3
Bf2 48. Nc1 g3 0-1

[Event "Titled Tue 3rd Jun Early"]
[Site "chess.com INT"]
[Date "2025.06.03"]
[Round "8"]
[White "Sindarov, Islombek"]
[Black "Sturt, Raven"]
[Result "1-0"]
[WhiteTitle "CM"]
[BlackTitle "GM"]
[WhiteElo "2129"]
[BlackElo "2459"]
[WhiteFideId "14205475"]
[BlackFideId "2007304"]
[EventDate "2025.06.03"]

1. c4 Nc6 2. g3 e5 3. Bg2 g5 4. Nc3 d6 5. d3 Be7 6. a3 h5 7. b4 h4 8. b5 Nd4 9.
e3 h3 10. Bf1 Ne6 11. Bxh3 Rxh3 12. Nxh3 c6 13. Qh5 Ng7 14. Qh8 Kf8 15. a4 Bf5
16. e4 Bg6 17. Ng1 g4 18. Bh6 Bf6 19. Nge2 a6 20. bxc6 bxc6 21. Rb1 Rb8 22. O-O
Rb6 23. Rxb6 Qxb6 24. Rb1 Qa7 25. Nd1 d5 26. Ne3 dxe4 27. Nxg4 exd3 28. Nxf6
dxe2 29. Qxg7+ Ke7 30. Nxg8+ Kd7 31. Re1 Qd4 32. Qf6 Qd1 33. Qe7+ Kc8 34. Qb4
Be4 35. Qd2 Bf3 36. Ne7+ Kb7 37. Rxd1 exd1=Q+ 38. Qxd1 Bxd1 39. a5 c5 40. Be3
Be2 41. Bxc5 Bxc4 42. h4 Be2 43. Kg2 e4 44. Bb6 Bg4 45. Nd5 Kc6 46. Nf6 Bf3+ 47.
Kg1 Kd6 48. h5 Ke6 49. Bd8 Kf5 50. h6 Kg6 51. h7 Kg7 52. Bb6 Kh8 53. Bd4 Kg7 54.
Nxe4+ Kxh7 55. Ng5+ 1-0

[Event "Titled Tue 3rd Jun Early"]
[Site "chess.com INT"]
[Date "2025.06.03"]
[Round "8"]
[White "Horobetz, Graham"]
[Black "Moeller, Maurin"]
[Result "0-1"]
[BlackTitle "FM"]
[WhiteElo "2250"]
[BlackElo "2291"]
[WhiteFideId "2047322"]
[BlackFideId "16265696"]
[EventDate "2025.06.03"]

1. e4 g6 2. d4 Bg7 3. Nc3 d6 4. Be3 a6 5. Qd2 b5 6. O-O-O Bb7 7. f3 Nd7 8. h4 h5
9. Nh3 Rc8 10. Ng5 c5 11. e5 cxd4 12. e6 fxe6 13. Bxd4 Bxd4 14. Qxd4 e5 15. Qd3
Nf8 16. g3 Rc4 17. Qe3 Rc7 18. Bd3 Nf6 19. Nge4 b4 20. Ne2 Kf7 21. g4 hxg4 22.
fxg4 Ne6 23. Ng5+ Nxg5 24. Qxg5 e4 25. Nf4 Qg8 26. Be2 Rc5 27. Nd5 Bxd5 28. Qf4
Bxa2 29. g5 b3 30. Rd2 Qc8 31. Bd1 bxc2 32. Rxc2 Rxc2+ 33. Bxc2 Bb3 34. Rh2 Qc5
35. Rf2 Rc8 36. gxf6 e5 37. Qh6 Qxf2 38. Qg7+ Ke6 39. Qe7+ Kd5 40. Qf7+ Kd4 41.
Qxb3 Qe1# 0-1

[Event "Titled Tue 3rd Jun Early"]
[Site "chess.com INT"]
[Date "2025.06.03"]
[Round "8"]
[White "Skliarov, Viktor"]
[Black "Diachek, Andrii"]
[Result "1-0"]
[WhiteTitle "IM"]
[BlackTitle "CM"]
[WhiteElo "2334"]
[BlackElo "2226"]
[WhiteFideId "14106736"]
[BlackFideId "34106499"]
[EventDate "2025.06.03"]

1. e4 c6 2. d4 d5 3. e5 c5 4. dxc5 e6 5. a3 Bxc5 6. b4 Bb6 7. Qg4 Ne7 8. Bb2 Ng6
9. Bd3 Qh4 10. Qxh4 Nxh4 11. g3 Ng6 12. f4 a5 13. b5 Nd7 14. Nf3 Nc5 15. Bd4 Na4
16. Bxb6 Nxb6 17. a4 Bd7 18. Nd4 Rc8 19. Nd2 Ne7 20. Kf2 g6 21. Rhc1 Nf5 22.
N4b3 h5 23. Nxa5 Rc7 24. c4 dxc4 25. Naxc4 Nxc4 26. Nxc4 Kd8 27. Bxf5 exf5 28.
Nd6 Be6 29. Rxc7 Kxc7 30. a5 Ra8 31. Ke3 f6 32. h4 fxe5 33. fxe5 Bd5 34. Kf4 Kd7
35. Kg5 Ke6 36. Kf4 Kd7 37. a6 bxa6 38. bxa6 Ra7 39. Nb5 Ra8 40. Rd1 Kc6 41.
Rxd5 1-0

[Event "Titled Tue 3rd Jun Early"]
[Site "chess.com INT"]
[Date "2025.06.03"]
[Round "8"]
[White "Todorovic, Bojan"]
[Black "Andrews, Todd"]
[Result "1-0"]
[WhiteTitle "FM"]
[BlackTitle "FM"]
[WhiteElo "2111"]
[BlackElo "2097"]
[WhiteFideId "917087"]
[BlackFideId "2012456"]
[EventDate "2025.06.03"]

1. d4 Nf6 2. c4 c5 3. d5 e6 4. Nc3 exd5 5. cxd5 d6 6. Nf3 g6 7. Nd2 Bg7 8. Nc4
O-O 9. Bf4 Ne8 10. Qd2 a6 11. a4 Qc7 12. g3 Nd7 13. Bg2 Nb6 14. Ne3 Qe7 15. a5
Nd7 16. Nc4 Rb8 17. O-O b5 18. axb6 Nxb6 19. Na5 Bd7 20. Nc6 Bxc6 21. dxc6 Nc4
22. Nd5 Qe6 23. Qd3 Nxb2 24. Qxa6 Nf6 25. Nxf6+ Bxf6 26. c7 Rbc8 27. Qxd6 Nc4
28. Qxe6 fxe6 29. Rac1 e5 30. Rxc4 exf4 31. Rxc5 fxg3 32. hxg3 Bd4 33. Rc4 Bb6
34. Rb1 Bxc7 35. Rbc1 Rce8 36. Rxc7 Rxe2 37. Rf1 h5 38. Bd5+ Kh8 39. Rf7 Rxf7
40. Bxf7 Kg7 41. Bd5 Rd2 42. Bf3 Kh6 43. Kg2 g5 44. Rh1 h4 45. gxh4 gxh4 46.
Rxh4+ Kg5 47. Re4 1-0

[Event "Titled Tue 3rd Jun Early"]
[Site "chess.com INT"]
[Date "2025.06.03"]
[Round "8"]
[White "Pham, Le Thao Nguyen"]
[Black "Bolashakov, Nurali"]
[Result "1/2-1/2"]
[WhiteTitle "IM"]
[BlackTitle "CM"]
[WhiteElo "2388"]
[BlackElo "2184"]
[WhiteFideId "12401226"]
[BlackFideId "13792105"]
[EventDate "2025.06.03"]

1. d4 Nf6 2. c4 g6 3. Nc3 d5 4. Bg5 Ne4 5. Bf4 Nxc3 6. bxc3 dxc4 7. Qb1 Bg7 8.
e4 O-O 9. Bxc4 e5 10. dxe5 Qe7 11. Ne2 Bxe5 12. O-O Nc6 13. Bd5 Bxf4 14. Nxf4
Qg5 15. Qc1 Ne5 16. Kh1 c6 17. Bb3 Rd8 18. f3 Bd7 19. Rd1 Be8 20. Qe3 a5 21. Nd5
Qxe3 22. Nxe3 Kf8 23. f4 Nd7 24. e5 Nc5 25. Bc2 Bd7 26. h3 Be6 27. a3 b5 28. g4
a4 29. Rd4 Nb3 30. Rxd8+ Rxd8 31. Rd1 Rxd1+ 32. Bxd1 Na5 33. f5 Nc4 34. Nxc4
Bxc4 35. Bc2 c5 36. Kg2 b4 37. cxb4 cxb4 38. axb4 a3 39. Bb1 a2 40. Bxa2 Bxa2
41. Kf3 Bd5+ 42. Kf4 h6 43. h4 Ke7 44. Ke3 g5 1/2-1/2

[Event "Titled Tue 3rd Jun Early"]
[Site "chess.com INT"]
[Date "2025.06.03"]
[Round "8"]
[White "Gurel, Ediz"]
[Black "Shankland, Sam"]
[Result "1-0"]
[WhiteTitle "GM"]
[BlackTitle "GM"]
[WhiteElo "2636"]
[BlackElo "2666"]
[WhiteFideId "44507356"]
[BlackFideId "2004887"]
[EventDate "2025.06.03"]

1. Nf3 d5 2. b3 Nf6 3. Bb2 Bf5 4. e3 e6 5. Be2 Bd6 6. O-O O-O 7. d3 Nbd7 8. Nbd2
Qe7 9. c4 h6 10. Rc1 c6 11. cxd5 exd5 12. h3 Rfe8 13. Re1 Rad8 14. Bf1 Bh7 15.
Qc2 a5 16. Qb1 a4 17. bxa4 Ra8 18. Bd4 c5 19. Bc3 b6 20. Qb5 Reb8 21. e4 d4 22.
Ba1 Ne5 23. Nxe5 Bxe5 24. Nc4 Bf4 25. Rb1 Nd7 26. e5 Qe6 27. g3 Bg5 28. Qb3 Bf5
29. Kh2 Qg6 30. f4 Be7 31. g4 Bh4 32. gxf5 Qg3+ 33. Kh1 Qxf4 34. Re4 Qf2 35. Bg2
Bg3 36. Rf1 b5 37. axb5 Qxa2 38. Qxa2 Rxa2 39. b6 Nxb6 40. Nxb6 Rxb6 41. e6 Kf8
42. Rg4 Be5 43. Bd5 Rh2+ 44. Kg1 Rxh3 45. exf7 Rxd3 46. Re1 Rd2 47. Rg2 1-0

[Event "Titled Tue 3rd Jun Early"]
[Site "chess.com INT"]
[Date "2025.06.03"]
[Round "8"]
[White "Bok, Benjamin"]
[Black "Gadzhiev, Ruslan"]
[Result "1-0"]
[WhiteTitle "GM"]
[BlackTitle "CM"]
[WhiteElo "2591"]
[BlackElo "2169"]
[WhiteFideId "1017063"]
[BlackFideId "55671926"]
[EventDate "2025.06.03"]

1. d4 d5 2. c4 e6 3. Nc3 Nf6 4. cxd5 exd5 5. Bg5 Be7 6. e3 c6 7. Bd3 Nbd7 8. h3
O-O 9. Nf3 Re8 10. Qc2 Nf8 11. O-O h6 12. Bf4 Bd6 13. Ne5 Qe7 14. Bh2 c5 15.
Rad1 a6 16. Na4 Ne6 17. Nb6 Rb8 18. Bf5 cxd4 19. exd4 Nxd4 20. Rxd4 Bxf5 21.
Qxf5 Bxe5 22. Nxd5 Bxh2+ 23. Kxh2 Nxd5 24. Rxd5 Rbd8 25. Rfd1 Rxd5 26. Rxd5 Rd8
27. g3 Rxd5 28. Qxd5 Qe2 29. Qd4 Qf3 30. h4 h5 31. Kg1 f6 32. Qd7 Kf8 33. a4 Qb3
34. Qd4 Kf7 35. a5 Qb5 36. b4 Ke6 37. Qe4+ Kf7 38. Kg2 g6 39. Kf3 f5 40. Qd4 Ke6
41. Kf4 Kf7 42. Kg5 Qc6 43. Kh6 Qf6 44. Qxf6+ Kxf6 45. f4 Kf7 46. Kh7 Kf6 47.
Kg8 Ke6 48. Kg7 Kd5 49. Kxg6 Kc4 50. Kxf5 Kxb4 51. Ke4 Kxa5 52. f5 Kb6 53. f6
Kc6 54. f7 Kd7 55. f8=Q Ke6 56. Qf5+ Kd6 57. Qxh5 Kd7 58. Qd5+ Kc7 59. h5 Kb6
60. h6 Ka7 61. h7 Kb8 62. h8=Q+ Kc7 63. Qhd8# 1-0

[Event "Titled Tue 3rd Jun Early"]
[Site "chess.com INT"]
[Date "2025.06.03"]
[Round "8"]
[White "Vaganian, Rafael A"]
[Black "Shandrygin, Nikita"]
[Result "0-1"]
[WhiteTitle "GM"]
[BlackTitle "FM"]
[WhiteElo "2449"]
[BlackElo "2209"]
[WhiteFideId "13300016"]
[BlackFideId "24198668"]
[EventDate "2025.06.03"]

1. d4 d5 2. c4 Nc6 3. Nf3 Bg4 4. Nc3 e6 5. Bg5 Be7 6. Bxe7 Ngxe7 7. cxd5 exd5 8.
e3 O-O 9. Be2 Rb8 10. O-O Qd6 11. a3 a6 12. b4 Nd8 13. Na4 Bxf3 14. Bxf3 Ne6 15.
Nc5 a5 16. Nxe6 fxe6 17. bxa5 Ra8 18. Qd2 Nc6 19. Rfb1 Nxa5 20. Qb4 Rfd8 21. Bg4
b6 22. f4 Nc4 23. Qxd6 Rxd6 24. Rb3 Kf7 25. Rc3 b5 26. Rb3 c6 27. Ra2 g6 28. Kf2
Rd7 29. Be2 Rda7 30. g4 Rxa3 31. Raxa3 Nxa3 32. h4 Nc4 33. g5 Ra2 34. h5 gxh5
35. Ke1 h4 36. Bh5+ Kg7 37. Bg4 Kf7 38. f5 exf5 39. Bxf5 Kg7 40. e4 Nd2 41. Rc3
dxe4 0-1

[Event "Titled Tue 3rd Jun Early"]
[Site "chess.com INT"]
[Date "2025.06.03"]
[Round "8"]
[White "Duarte Cramer, Lily Jeanette"]
[Black "Jimenez Fernandez, Rebeca"]
[Result "0-1"]
[WhiteTitle "WCM"]
[BlackTitle "WFM"]
[WhiteElo "1828"]
[BlackElo "2163"]
[WhiteFideId "29620180"]
[BlackFideId "32070934"]
[EventDate "2025.06.03"]

1. e4 c5 2. Nf3 Nc6 3. d4 cxd4 4. Nxd4 g6 5. c4 Nf6 6. Nc3 d6 7. Be3 Ng4 8. Nxc6
Nxe3 9. Nxd8 Nxd1 10. Rxd1 Kxd8 11. c5 Be6 12. e5 Kd7 13. Bb5+ Kc7 14. cxd6+
exd6 15. exd6+ Bxd6 16. O-O Rad8 17. Kh1 a6 18. Ba4 b5 19. Bb3 Bxb3 20. axb3 Kc6
21. Ra1 Kb7 22. Rfd1 Be5 23. Re1 Bf6 24. Ra2 Rhe8 25. Rea1 Re6 26. g3 Rd2 27. f3
Bd4 28. Ne4 Rd3 29. Kg2 f5 30. Nc3 Bxc3 31. bxc3 Rxc3 32. Rb2 Ree3 33. Rd1 Rxb3
34. Rbd2 Kb6 35. Rd6+ Ka5 36. Rd7 Rb2+ 37. Kh3 Rxf3 38. Rxh7 Rff2 39. Rh1 g5 40.
Rh5 g4+ 41. Kh4 Rxh2+ 0-1

[Event "Titled Tue 3rd Jun Early"]
[Site "chess.com INT"]
[Date "2025.06.03"]
[Round "8"]
[White "Chelly, Yahya"]
[Black "Levitan, Caleb Levi"]
[Result "1-0"]
[WhiteTitle "CM"]
[BlackTitle "FM"]
[WhiteElo "2039"]
[BlackElo "2333"]
[WhiteFideId "5516200"]
[BlackFideId "14332620"]
[EventDate "2025.06.03"]

1. d4 d5 2. c4 e6 3. Nc3 Bb4 4. Nf3 Nf6 5. Bg5 h6 6. Bh4 dxc4 7. e3 c5 8. Bxc4
O-O 9. O-O Nc6 10. dxc5 Bxc5 11. Qe2 Be7 12. Rfd1 Qa5 13. Rac1 a6 14. Bd3 Rd8
15. a3 Qh5 16. Bg3 e5 17. Qc2 Bg4 18. Be2 Rac8 19. h3 Bf5 20. Qa4 Qg6 21. Nh4
Qh7 22. Nxf5 Qxf5 23. Qb3 b5 24. Nd5 Nxd5 25. Rxd5 Na5 26. Rxd8+ Rxd8 27. Qc3
Nb7 28. Bxe5 f6 29. Bg3 Nc5 30. b4 Ne4 31. Qb3+ Kh8 32. Bd3 Nd2 33. Bxf5 Nxb3
34. Rc7 Bd6 35. Bxd6 Rxd6 36. Rc8+ Rd8 37. Rxd8# 1-0

[Event "Titled Tue 3rd Jun Early"]
[Site "chess.com INT"]
[Date "2025.06.03"]
[Round "8"]
[White "Slovineanu, Viacheslav"]
[Black "Miranda Camus, Joaquin Ignacio"]
[Result "1-0"]
[WhiteTitle "IM"]
[BlackTitle "FM"]
[WhiteElo "2412"]
[BlackElo "2196"]
[WhiteFideId "13900510"]
[BlackFideId "3449300"]
[EventDate "2025.06.03"]

1. d4 Nf6 2. Nf3 b6 3. c4 e6 4. e3 Bb7 5. Bd3 g6 6. O-O Bg7 7. Nbd2 O-O 8. b4 a5
9. bxa5 Rxa5 10. a4 d6 11. Nb3 Rh5 12. a5 bxa5 13. Rxa5 Nbd7 14. Rxh5 Nxh5 15.
Na5 Ba8 16. Ba3 c5 17. Nb3 Qb6 18. Be2 Rb8 19. Nbd2 Qa6 20. Qc1 Bc6 21. h3 Nhf6
22. Qa1 Ra8 23. Bb2 Qb7 24. Qc1 Rb8 25. Bc3 cxd4 26. Bxd4 Nc5 27. Qc2 Nfe4 28.
Rb1 Qc7 29. Rxb8+ Qxb8 30. Nxe4 Bxe4 31. Qa2 Bxd4 32. exd4 Nd3 33. Ng5 Nc1 34.
Qd2 Qb1 35. Kh2 Nxe2 36. Qxe2 Bf5 37. g4 h6 38. gxf5 hxg5 39. fxe6 Qf5 40. e7
Qf4+ 41. Kg2 1-0

[Event "Titled Tue 3rd Jun Early"]
[Site "chess.com INT"]
[Date "2025.06.03"]
[Round "8"]
[White "Rodriguez Avila, Alvaro"]
[Black "Bilochenko, Matvii"]
[Result "0-1"]
[WhiteTitle "CM"]
[BlackTitle "CM"]
[WhiteElo "2204"]
[BlackElo "2027"]
[WhiteFideId "24570249"]
[BlackFideId "41834062"]
[EventDate "2025.06.03"]

1. e4 c5 2. Nc3 Nc6 3. Bb5 Nd4 4. Nf3 a6 5. Bc4 e6 6. a4 d6 7. d3 Nf6 8. Be3 e5
9. Bg5 Be7 10. Nd2 O-O 11. O-O h6 12. Bxf6 Bxf6 13. a5 Be6 14. Nd5 Bg5 15. Ne3
Bxe3 16. fxe3 Nc6 17. Bxe6 fxe6 18. Nc4 Qe7 19. Qd2 d5 20. Nb6 Rad8 21. exd5
exd5 22. Rxf8+ Qxf8 23. Rf1 Qe7 24. Qc3 Qg5 25. Rf3 Kh8 26. Qxc5 d4 27. Rg3 Qh5
28. Rf3 Qg5 29. e4 Qc1+ 30. Rf1 Qxb2 31. h3 Qc3 32. Rf8+ Rxf8 33. Qxf8+ Kh7 34.
Qf5+ Kh8 35. Nd7 Qxc2 36. Nf8 Qc1+ 37. Kh2 Qf4+ 38. Qxf4 exf4 39. Ne6 g5 40. h4
Nxa5 41. hxg5 hxg5 42. Nxg5 Nb3 43. e5 a5 44. e6 Kg7 45. Nf3 Kf6 46. Nxd4 Nxd4
47. Kh3 Kxe6 48. Kg4 a4 49. Kxf4 a3 50. Ke3 a2 51. Kxd4 a1=Q+ 52. Ke4 Qe1+ 0-1

[Event "Titled Tue 3rd Jun Early"]
[Site "chess.com INT"]
[Date "2025.06.03"]
[Round "8"]
[White "Cordoba Roa, Angel Gabriel"]
[Black "Silva, Luca"]
[Result "0-1"]
[WhiteTitle "FM"]
[BlackTitle "FM"]
[WhiteElo "2394"]
[BlackElo "2227"]
[WhiteFideId "3957624"]
[BlackFideId "147370"]
[EventDate "2025.06.03"]

1. e4 c6 2. d4 d5 3. e5 Bf5 4. Nf3 e6 5. Be2 Nd7 6. O-O Bg6 7. a4 a5 8. c3 Nh6
9. Ne1 Be7 10. Bxh6 gxh6 11. Bd3 O-O 12. Nd2 c5 13. Bxg6 hxg6 14. Nd3 cxd4 15.
cxd4 Qb6 16. Nf3 Nb8 17. Qd2 Kg7 18. Rfe1 Nc6 19. Qf4 Nb4 20. Nxb4 axb4 21. h4
Rfc8 22. h5 g5 23. Qe3 Rc2 24. Re2 Rac8 25. Rd1 Qa6 26. Rxc2 Rxc2 27. Qb3 Qc4
28. Rd3 Rc1+ 29. Kh2 Rf1 30. Kg3 Qc1 31. Rd2 Rh1 32. Qc2 Qf1 33. Qd3 Qa1 34. Rc2
Rxh5 35. Rc7 Bd8 36. Rd7 Qc1 37. Nd2 Qc8 38. Qb5 Qc2 39. Rxf7+ Kxf7 40. Qd7+ Be7
41. Nf3 Qf5 0-1

[Event "Titled Tue 3rd Jun Early"]
[Site "chess.com INT"]
[Date "2025.06.03"]
[Round "8"]
[White "Mateus, Martha"]
[Black "Sagalchik, Gennadij"]
[Result "0-1"]
[WhiteTitle "WIM"]
[BlackTitle "GM"]
[WhiteElo "1963"]
[BlackElo "2434"]
[WhiteFideId "4401549"]
[BlackFideId "2007916"]
[EventDate "2025.06.03"]

1. d4 Nf6 2. c4 c5 3. d5 b5 4. cxb5 a6 5. bxa6 g6 6. Nc3 Bxa6 7. e4 Bxf1 8. Kxf1
Bg7 9. Nf3 d6 10. g3 O-O 11. Kg2 Nbd7 12. a4 Qa5 13. Qc2 Rfb8 14. Bd2 Qb4 15.
Rhb1 Qb3 16. Qd3 Ng4 17. Ra3 Qb7 18. Nb5 Nge5 19. Nxe5 Nxe5 20. Qc2 f5 21. f3
fxe4 22. Qxe4 Rf8 23. Rf1 Rf5 24. g4 Rf7 25. h3 c4 26. f4 Nd3 27. Qxc4 Nxb2 28.
Qb3 Rc8 29. a5 Nc4 30. a6 Qxd5+ 31. Qf3 Qxd2+ 32. Rf2 Qc1 33. a7 Nxa3 34. a8=Q
Nxb5 35. Qad5 Nd4 36. Qd3 Rc3 37. f5 Rxd3 38. fxg6 Rg3+ 39. Kxg3 Qe3+ 40. Rf3
Qxf3+ 0-1